Fifty major economists (Record no. 390506)

000 -LEADER
fixed length control field 00455cam a22001697a 4500
008 - FIXED-LENGTH DATA ELEMENTS--GENERAL INFORMATION
fixed length control field 180718b1999 xxu||||| |||| 00| 0 eng d
020 ## - INTERNATIONAL STANDARD BOOK NUMBER
International Standard Book Number 0415134811
082 ## - DEWEY DECIMAL CLASSIFICATION NUMBER
Classification number T1 P926
100 ## - MAIN ENTRY--PERSONAL NAME
Personal name Pressman, Steven
245 ## - TITLE STATEMENT
Title Fifty major economists
Statement of responsibility, etc. by Steven Pressman
260 ## - PUBLICATION, DISTRIBUTION, ETC.
Place of publication, distribution, etc. London
Name of publisher, distributor, etc. Routledge
Date of publication, distribution, etc. 1999
300 ## - PHYSICAL DESCRIPTION
Extent 207p.
650 ## - SUBJECT ADDED ENTRY--TOPICAL TERM
Topical term or geographic name entry element Economists
650 ## - SUBJECT ADDED ENTRY--TOPICAL TERM
Topical term or geographic name entry element Economics - History and criticism
650 ## - SUBJECT ADDED ENTRY--TOPICAL TERM
Topical term or geographic name entry element Written Off
650 ## - SUBJECT ADDED ENTRY--TOPICAL TERM
Topical term or geographic name entry element (74615-Written Off)
Holdings
Withdrawn status Lost status Source of classification or shelving scheme Damaged status Not for loan Permanent Location Current Location Date acquired Full call number Barcode Date last seen Price effective from Koha item type
Withdrawn         Indian Institute of Public Administration Indian Institute of Public Administration 1999-10-20 T1 P926 (write off ) 74615 2019-05-08 2018-07-21 Book

Powered by Koha